01251nab a22002057a 4500999001500000003000400015005001700019008004100036040000700077100002700084245012700111260007200238300001300310505043400323505008900757650002300846650003600869773012700905942001301032 c6074d6074OSt20260121175845.0190502c xxu||||| |||| 00| 0 spa d cPJ 96849aTello, Pablo L. 13aEl principio de ne bis in idem en la jurisprudencia de la Corte Suprema. Alcances formales y materiales /cPablo L. Tello. aCiudad Autónoma de Buenos Aires :bThomson Reuters La Ley,c2024. ap. 13-26 aSumario: I. Introducción.— II. El alcance de la garantía y las sentencias equiparables a definitivas.— III. Resoluciones nulas, magnitud del vicio y doble juzgamiento.— IV. Nulidad que afecta el debido proceso: “Verbeke”.— V. Calificación, concursos y ne bis in idem: “Videla”, “Heredia”, “Amantia” y “Sica”.— VI. El alcance de la garantía frente al recurso acusador.— VII. Conclusión.  t¿Te interesa el texto completo? Solicitalo al correo: koha@justierradelfuego.gov.ar 09343aDERECHO PENAL 09699aFALLOS DE LA CORTE SUPREMA0 0272993180dBuenos Aires : LexisNexis, 2006-tRevista de derecho penal y procesal penal. Nº 2 - Febrero 2024z9875920622 2udccANA